El sentido de la política y otros ensayos
Guardat en:
| Autor principal: | |
|---|---|
| Format: | Llibre |
| Idioma: | espanyol |
| Publicat: |
Valencia
Pre-Textos
1996
|
| Col·lecció: | Colección Hestia-Dike, 6
|
| Matèries: | |
| Etiquetes: |
Afegir etiqueta
Sense etiquetes, Sigues el primer a etiquetar aquest registre!
|
MARC
| LEADER | 00000nam a2200000 a 4500 | ||
|---|---|---|---|
| 001 | UCO0620 | ||
| 003 | CL-VaPUC | ||
| 008 | 000420e19960000sp |||||||||||||||||spa|d | ||
| 082 | 0 | 4 | |a 320.01 |b HEL |2 21 |
| 100 | 0 | |a Heller, Hermann |e author |9 393251 | |
| 245 | 1 | 3 | |a El sentido de la política y otros ensayos |
| 300 | |a 126 p | ||
| 942 | |c BK | ||
| 945 | |d 20000420 00:00:00 |a vberengu | ||
| 260 | |a Valencia |b Pre-Textos |c 1996 | ||
| 650 | 0 | |a Ciencia política |9 324218 | |
| 650 | 7 | |a CONSTITUCION ALEMANA |2 CL-VaPUC |9 441967 | |
| 650 | 0 | |a Derecho y política |9 257017 | |
| 650 | 0 | |a Poder político |9 255509 | |
| 650 | 0 | |a Política |9 255312 | |
| 583 | |a last modification |c 20171205 01:57:36 |k Rodrigo Vera | ||
| 490 | 0 | |a Colección Hestia-Dike, 6 | |
| 999 | |c 287269 |d 287267 | ||
| 952 | |0 0 |1 0 |4 0 |6 320_010000000000000_HEL_1996 |7 0 |8 A |9 333995 |a BIBDER |b BIBDER |d 2019-11-20 |i 3604411 |l 1 |m 4 |o 320.01 HEL 1996 |p 3604411 |q 2025-12-31 |r 2020-03-13 |s 2020-03-13 |w 2019-11-20 |y BK |k DER | ||